| 000 | 00754nam0a22002291 4500 | ||
|---|---|---|---|
| 001 | v19\rc\2075440 | ||
| 005 | 20250620043003.0 | ||
| 035 | _a(NLR Aleph) 005172457 | ||
| 090 |
_a5080063 _c5080063 |
||
| 100 | _a20081218d1917 |||y0rusy50 ca | ||
| 101 | 0 | _arus | |
| 102 | _aRU | ||
| 105 | _aa b ||||| | ||
| 200 | 1 |
_aРучной кирпичный пресс Петтера _e[Каталог № 11] _fМашиностроит. завод Н. Петтер в Тамбове |
|
| 210 |
_a[Тамбов _d1917] |
||
| 215 |
_a71 с. _cил. |
||
| 710 | 0 | 2 |
_aМашиностроительный завод Н. Петтер _cТамбов |
| 801 | 0 |
_aRU _bNLR _gpsbo |
|
| 801 | 1 |
_aRU _bProSoft-M _2rusmarc |
|
| 852 |
_aNLR _j20.40.9.176 |
||
| 942 | _cBOOK | ||
| 980 | _aNB | ||